<?xml version="1.0" encoding="UTF-8"?>
<collection xmlns="http://www.loc.gov/MARC21/slim">
 <record>
  <leader>00568nam a22001695a 4500</leader>
  <controlfield tag="001">EHU.bham009411</controlfield>
  <controlfield tag="003">AR-BHAM</controlfield>
  <controlfield tag="005">20100215134241.0</controlfield>
  <controlfield tag="008">130507s1961##################000#0#####d</controlfield>
  <datafield tag="082" ind1="8" ind2="6">
   <subfield code="a">868.4</subfield>
  </datafield>
  <datafield tag="100" ind1="1" ind2=" ">
   <subfield code="a">Concolorcorvo</subfield>
  </datafield>
  <datafield tag="245" ind1="1" ind2="0">
   <subfield code="a">Itineraire de buenos aires a lima /</subfield>
   <subfield code="c">Oncolorcorvo</subfield>
  </datafield>
  <datafield tag="260" ind1=" " ind2=" ">
   <subfield code="a">Paris :</subfield>
   <subfield code="b">Institud Des Hautes  Etudes De L'amerique Latine,</subfield>
   <subfield code="c">1961</subfield>
  </datafield>
  <datafield tag="300" ind1=" " ind2=" ">
   <subfield code="a">294 p.</subfield>
  </datafield>
  <datafield tag="500" ind1=" " ind2=" ">
   <subfield code="a">Trad. Par Ivette Billod, Introd. De M.bataillon</subfield>
  </datafield>
  <datafield tag="653" ind1=" " ind2=" ">
   <subfield code="a">Miscelanea espaÑola-1701-1800</subfield>
  </datafield>
  <datafield tag="859" ind1=" " ind2=" ">
   <subfield code="a">AR-BHAM</subfield>
   <subfield code="b">BIB. HUMANIDADES - General</subfield>
   <subfield code="h">868.4</subfield>
   <subfield code="i">C749</subfield>
   <subfield code="p">2037.62</subfield>
   <subfield code="t">Ej.1</subfield>
  </datafield>
 </record>
</collection>
